ბათუმის შოთა რუსთაველის სახელმწიფო უნივერსიტეტის ბიბლიოთეკა

საბაჟო საქმე. სახელმძღვანელო. (ბიბ.ჩანაწერი № 36627)

000 -LEADER
fixed length control field 00508nam a2200181Ia 4500
001 - CONTROL NUMBER
control field 2547
003 - CONTROL NUMBER IDENTIFIER
control field GE_BSU
008 - FIXED-LENGTH DATA ELEMENTS--GENERAL INFORMATION
fixed length control field 181216s||||||||xx |||||||||||||| ||und||
040 ## - CATALOGING SOURCE
Transcribing agency GE_BSU
100 ## - MAIN ENTRY--PERSONAL NAME
Personal name ქარუმიძე, ვახტანგ
245 ## - TITLE STATEMENT
Title საბაჟო საქმე. სახელმძღვანელო.
260 ## - PUBLICATION, DISTRIBUTION, ETC.
Place of publication, distribution, etc. თბილისი
260 ## - PUBLICATION, DISTRIBUTION, ETC.
Date of publication, distribution, etc. 1998
300 ## - PHYSICAL DESCRIPTION
Extent 437 გვ.
653 ## - INDEX TERM--UNCONTROLLED
Uncontrolled term საბაჟო საქმე
942 ## - ADDED ENTRY ELEMENTS (KOHA)
Koha item type წიგნი
ეგზემპლარები
Withdrawn status Lost status Damaged status Not for loan Date acquired Barcode Date last seen Price effective from Koha item type
        2018-12-17 1036 2018-12-17 2018-12-17 წიგნი